| 000 | 00625nam a22002177a 4500 | ||
|---|---|---|---|
| 003 | BD-ChCU | ||
| 005 | 20260503093728.0 | ||
| 008 | 260503b ny ||||| |||| 00| 0eng d | ||
| 020 | _a9781944122404 | ||
| 040 | _cBD-ChCU | ||
| 082 |
_223 _a551.41 M414i |
||
| 100 |
_aMasselink, Gerhard. _922196 |
||
| 245 |
_aIntroduction to coastal processes geomorphology / _cGerhard Masselink. |
||
| 250 | _a2ed. | ||
| 260 |
_aNew York : _bRouthledge, _c2011 |
||
| 300 | _a510 P. : | ||
| 504 | _aIncludes. | ||
| 650 | 0 |
_aGeomorphology ; Coastal processes. _922198 |
|
| 700 |
_aHughes, Michael. _eEditor _922199 |
||
| 942 |
_2ddc _cBK _n0 |
||
| 999 |
_c112576 _d112576 |
||